000 00442nam a2200157 a 4500
020 _a0256135908
040 _cDLC
082 0 0 _a658​ LRW 1995 A056 Or.
100 1 _aEussell, Thomas H.
245 1 0 _aReady notes for use with Fundamentals of corporate finance, third edition /
260 _aChicago :
_bIrwin,
_cc1995.
300 _a1 v. (unpaged) :
_bill. ;
_c26 cm.
650 0 _aCorporations
700 1 _aRoss, Stephen A.
942 _cEK
999 _c15790
_d15790